| 000 | 00848nam a2200265 4500 | ||
|---|---|---|---|
| 001 | 12243 | ||
| 003 | BD-RjUL | ||
| 005 | 20211208235247.0 | ||
| 008 | 140128s1973 ii a b 000 0 eng | ||
| 020 | _a0876920067 | ||
| 035 | _a(BD-RjUL)12292 | ||
| 040 |
_aDLC _cDLC _dBD-RjUL _beng |
||
| 041 | _aeng | ||
| 082 | 0 | 0 |
_a613.2 _bMCH 1973 _223 |
| 100 | 1 |
_aMcDivitt, Maxine E., _d1912- _938004 |
|
| 245 | 1 | 0 |
_aHuman nutrition : _bprinciples and applications in India / _cby Maxine E. McDivitt and Sumati Rajagopal Mudambi. |
| 250 | _arev. ed. | ||
| 260 |
_aNew Delhi : _bPrentice-Hall of India, _cc1973. |
||
| 300 |
_av, 205 p. : _bill. ; _c24 cm. |
||
| 504 | _aIncludes bibliographical references. | ||
| 650 | 0 |
_aNutrition. _938005 |
|
| 650 | 0 |
_aDiet _zIndia. _938006 |
|
| 700 | 1 |
_aMudambi, Sumati Rajagopal, _ejoint author. _938007 |
|
| 942 |
_2ddc _cBK |
||
| 999 |
_c12243 _d12243 |
||